Scotland Council Quiz - Glasgow City - Statistics

General Stats
  • This quiz has been taken 242 times
  • The average score is 11 of 15
Answer Stats
Hint Answer % Correct
Major river which flows through Glasgow River Clyde
98%
Celtic
96%
Glasgow's two most successful professional football teams Rangers
96%
Industry for which Glasgow and its river were known throughout the world {Ship}building
88%
Either of Glasgow's two principal mainline railway terminus stations Central or Queen Street
85%
Collective name for the above two clubs and the derby they play against each other The Old Firm
82%
Large 15th century public park in the east end of Glasgow, the oldest in the city Glasgow {Green}
80%
Glasgow's principal art gallery and museum Kelvingrove
79%
Museum and glasshouse located in the above public park People's {Palace}
79%
Ex-welder and stand-up comedian from Glasgow, nicknamed the 'Big Yin' Billy Connolly
70%
Major street and indoor weekend market in the East End of Glasgow The Barras
66%
Victorian Gothic garden cemetery covering 37 acres, described as a 'city of the dead' The Necropolis
62%
Architect and designer from Townhead who was influential on the Art Nouveau movement Charles Rennie Mackintosh
59%
Pop rock band formed in Glasgow in 1985 whose debut album was 'Raintown' Deacon Blue
22%
Bridgeton born 'King of Skiffle', one of Britain's most successful and influential recording artists before the Beatles Lonnie Donegan
16%
No matching quizzes found
Score Distribution
Percent of People with Each Score
Percentile by Number Answered
Your Score History
You have not taken this quiz